Engineering nature (Record no. 135509)
[ view plain ]
| 000 -LEADER | |
|---|---|
| fixed length control field | 01902nam a2200373 a 4500 |
| 082 04 - DEWEY DECIMAL CLASSIFICATION NUMBER | |
| Classification number | 333.70973 |
| 100 1# - MAIN ENTRY--AUTHOR NAME | |
| Personal name | Teisch, Jessica B. |
| 245 10 - TITLE STATEMENT | |
| Title | Engineering nature |
| 260 ## - PUBLICATION, DISTRIBUTION, ETC. (IMPRINT) | |
| Place of publication | Chapel Hill [N.C.] : |
| Name of publisher | University of North Carolina Press, |
| Year of publication | c2011. |
| 300 ## - PHYSICAL DESCRIPTION | |
| Number of Pages | 260 p. : |
| Other physical details | ill. |
| 505 0# - FORMATTED CONTENTS NOTE | |
| Formatted contents note | Lessons of valuable experience : what California learned from India -- A great mission for the race : lessons and experiences from California -- The California model and the Australian awakening -- Home is not so very far away : civilizing the South African frontier -- Nothing but commercial feudalism : California's Hawaiian empire -- Palestine's peculiar social experiments. |
| 650 #0 - SUBJECT ADDED ENTRY--TOPICAL TERM | |
| Topical Term | Water resources development |
| Topical Term | Mining engineering |
| Topical Term | Water resources development |
| Topical Term | Mining engineering |
| 856 40 - ELECTRONIC LOCATION AND ACCESS | |
| Uniform Resource Identifier | http://site.ebrary.com/lib/rucke/Doc?id=10442130 |
No items available.
